El sindicalismo minero en México 1900-1952 (Record no. 66995)

MARC details
000 -LEADER
fixed length control field 00758nam a22002177a 4500
005 - DATE AND TIME OF LATEST TRANSACTION
control field 20251111103732.0
008 - FIXED-LENGTH DATA ELEMENTS--GENERAL INFORMATION
fixed length control field 211108t mx gr|||| 00| 0 spa|d
020 ## - INTERNATIONAL STANDARD BOOK NUMBER
International Standard Book Number 9684110979
050 04 - LIBRARY OF CONGRESS CALL NUMBER
Classification number HD6534.M6
Item number B47 1983
100 1# - MAIN ENTRY--PERSONAL NAME
Personal name Besserer, Federico
245 13 - TITLE STATEMENT
Title El sindicalismo minero en México 1900-1952
Statement of responsibility, etc / Federico Besserer, Victoria Novelo, Juan Luis Sariego.
250 ## - EDITION STATEMENT
Edition statement 1a ed.
260 ## - PUBLICATION, DISTRIBUTION, ETC. (IMPRINT)
Place of publication, distribution, etc México :
Name of publisher, distributor, etc Ediciones Era,
Date of publication, distribution, etc 1983
300 ## - PHYSICAL DESCRIPTION
Extent 94 p. ;
Dimensions 20 cm.
490 0# - SERIES STATEMENT
Series statement Colección Problemas de México
650 #7 - SUBJECT ADDED ENTRY--TOPICAL TERM
Source of heading or term lemb
Topical term or geographic name as entry element Mineros
General subdivision Sindicatos
Geographic subdivision México
General subdivision Historia
Chronological subdivision Siglo XX
Form subdivision
650 #7 - SUBJECT ADDED ENTRY--TOPICAL TERM
Topical term or geographic name as entry element Clase trabajadora
General subdivision Asociaciones obreras
Geographic subdivision México
700 1# - ADDED ENTRY--PERSONAL NAME
Personal name Novelo, Victoria
Relator term autor
700 1# - ADDED ENTRY--PERSONAL NAME
Personal name Sariego, Juan Luis
Relator term autor
942 ## - ADDED ENTRY ELEMENTS (KOHA)
Source of classification or shelving scheme Biblioteca del Cogreso de los Estados Unidos
Koha item type Libro
Holdings
Estado de pérdida Fuente de clasificación Estado del daño No para préstamo Ubicación permanente Ubicación actual Apartado o colección Fecha de adquisición Fuente de adquisición Edición Dependencia de educación superior (DES) Área del conocimiento Clasificación Código de Barras Date last seen Número de copia Costo por reposición Tipo de recurso
  Biblioteca del Cogreso de los Estados Unidos   Uso interno Biblioteca Biblioteca de la Facultad de Economía Biblioteca de la Facultad de Economía General 11/11/2025 Unidad Académica 1a ed. Ciencias Económico Administrativas Ciencias Sociales y Administrativas HD6534.M6 B47 1983 BFE000012524 29/06/2017 1 1.00 Libro
  Biblioteca del Cogreso de los Estados Unidos     Biblioteca del Instituto de Investigaciones Históricas Biblioteca del Instituto de Investigaciones Históricas General 22/08/2018 Donación 1a ed. Humanidades Ciencias Sociales y Administrativas HD6534.M6 B47 1983 IIH0000025003 22/08/2018 1 1.00 Libro
  Biblioteca del Cogreso de los Estados Unidos     Biblioteca del Instituto de Investigaciones Históricas Biblioteca del Instituto de Investigaciones Históricas General 22/08/2018   1a ed. Humanidades Ciencias Sociales y Administrativas HD6534.M6 B47 1983 IIH0000025004 22/08/2018 2 1.00 Libro